000 00559nam a2200217Ia 4500
005 20241216010503.0
008 180423s9999||||xx |||||||||||||| ||und||
082 _a549.1
_bF54
100 _aFINNEY, J. J. Y OTROS
245 0 _aX-RAY DATA FOR MINERALS
250 _a0
260 _aCOLORADO-U.S.A.
_bCOLORADO SCHOOL OF MINES
_c199
300 _a253 pag
_c28 cm
341 _h0
490 _v0
_a0
505 _aMINERALS ALPHABETICAL-STRONGEST/SULPHIDES
541 _aC
_d01-Feb-00
650 _aCIENCIAS PURAS
856 _zCC. Puras
942 _cLIBRO
999 _c15774
_d15774